LEADER 01128nam a2200265 i 4500 001 000000130101 003 CaOOAMICUS 005 20170719000000.0 008 170719s2000 it u000 u ita u 013 $a102834 020 $a88-8016-368-8 040 $aSeMil$bita 100 1 $aDi Francesco, Carla.$0(OLS)http://semarc/name/93288 245 10$aGuida all'Abbazia di Pomposa /$cdi Carla Di Francesco. 246 04$iTitolo in copertina:$aL'Abbazia e il Museo di Pomposa 260 $a[Pomposa] :$bMuseo pomposiano,$cstampa 2000. 300 $a78 p. :$bill. ;$c23 cm. 650 4$aCodigoro - Abbazia di Pomposa.$0(OLS)http://semarc/subject/11731 850 $aSeMil 852 $aSeMil$W1$xVenegono$y1$m3P III 412$j84170$B84170$CSeMilBibl$Z2$F87851 $81 961 $aOmaggio: Jonghi Lavarini, Giuseppe Maria 996 $6020$a88-8016-368-8$9(OLS)http://semarc/number/273652 996 $6245$aGuida all'Abbazia di Pomposa$9(OLS)http://semarc/title/408136 996 $6246$aL'Abbazia e il Museo di Pomposa$9(OLS)http://semarc/title/408137 996 $6260$a[Pomposa] :$bMuseo pomposiano$9(OLS)http://semarc/publisher/57178 LEADER 00926nam a2200229 i 4500 001 000000174058 003 CaOOAMICUS 005 20081016000000.0 008 081016s1986 it u000 u ita u 013 $a151516 040 $aSeMil$bita 240 00$aApophtegmata Patrum.$0(OLS)http://semarc/title/248161 245 10$aDetti inediti dei Padri del deserto /$cintroduzione, traduzione e note a cura di Lisa Cremaschi. 260 $aMagnano :$bQiqajon,$c1986. 300 $a323 p. ;$c19 cm. 650 4$aMonachesimo orientale - Testi.$0(OLS)http://semarc/subject/18543 700 1 $aCremaschi, Lisa.$0(OLS)http://semarc/name/30282 850 $aSeMil 852 $aSeMil$W1$xVenegono$y1$m2S I 561$j124903$B124903$CSeMilBibl$Z2$F136669 $81 961 $aOmaggio: Altro 996 $6245$aDetti inediti dei Padri del deserto$9(OLS)http://semarc/title/249468 996 $6260$aMagnano :$bQiqajon$9(OLS)http://semarc/publisher/32326 LEADER 00774nam a2200217 i 4500 001 000000088817 003 CaOOAMICUS 005 20180830150037.0 008 180830s1971 xx u000 u und u 013 $a61058 040 $aSeMil$bita 245 13$aLa crisi della società permissiva. 260 $aMilano :$bAres,$c1971. 300 $a189 p. 490 0 $aSagitta. Nuova serie [Ares] 650 4$aSociologia.$0(OLS)http://semarc/subject/3570 830 0$aSagitta. Nuova serie.$0(OLS)http://semarc/title/10348 850 $aSeMil 852 $aSeMil$W1$xVenegono$y1$m160 5 20 *$j52023$B52023$CSeMilBibl$Z2$F56417 $81 996 $6245$aLa crisi della società permissiva$9(OLS)http://semarc/title/134650 996 $6260$aMilano :$bAres$9(OLS)http://semarc/publisher/30250